00789nam a22002177a 4500003000500000005001700005008004100022010001000063011001000073035001000083040000900093100003200102245015800134260004000292300001000332502007500342650003600417650003300453650005000486700003500536CHAP20220329135633.0971013s1995 r 00010 d a39743 a40715 a44841 cCHAP00aHernández Cabrera, Mario. aEvaluación biológica y económica de un método determinístico y dos estocásticos, en la formulación de raciones para pollonas en crecimiento aChapingo, Méx. :bEl autor,c1995 a37 h. aTesis (Ing. Agr. Esp. en Zootecnia) -- UACH. Departamento de Zootecnia14aAves de corralxAlimentación.14aAves de corralxCrecimiento.14aProteínas en nutrición de aves de corral.0 aOsorio Balderas, Miguel Angel.